| 000 | 02824cam a2200385 i 4500 | ||
|---|---|---|---|
| 001 | 22017143 | ||
| 003 | OSt | ||
| 005 | 20251008135117.0 | ||
| 008 | 210430s2021 enk b 001 0 eng | ||
| 010 | _a 2021020352 | ||
| 020 |
_a9781509935031 _q(paperback) |
||
| 035 | _a22017143 | ||
| 040 |
_aDLC _beng _erda _cDLC |
||
| 042 | _apcc | ||
| 043 | _ae-uk--- | ||
| 050 | 0 | 0 |
_aKD440.A2 _bH55 2021 |
| 082 | 0 | 0 |
_a340.071/141 _223 |
| 100 | 1 |
_aHill, Jeffrey, _eauthor. |
|
| 245 | 1 | 4 |
_aThe practical guide to mooting / _cJeffrey Hill. |
| 250 | _aSecond edition. | ||
| 264 | 1 |
_aOxford, UK ; _aNew York : _bHart Publishing, an imprint of Bloomsbury Publishing, _c2021. |
|
| 300 |
_axviii, 248 pages ; _c24 cm |
||
| 336 |
_atext _btxt _2rdacontent |
||
| 337 |
_aunmediated _bn _2rdamedia |
||
| 338 |
_avolume _bnc _2rdacarrier |
||
| 504 | _aIncludes bibliographical references and index. | ||
| 505 | 0 | _aAn introduction to mooting -- Knowledge of key aspects of the legal system -- A guide to researching your submissions and preparing for the moot -- Before the moot : preparation of skeleton arguments and bundles -- At the moot : referring to legal authorities and using your bundle effectively -- At the moot : style, presentation, and etiquette -- At the moot : demonstrating relevant legal knowledge and structure -- At the moot : responding to your opponent's submissions -- At the moot : dealing with the judges -- After the moot : reflecting on performance and dealing with feedback -- The organisation of moots and mooting competitions -- Advice on competing in mooting competitions in the UK -- Getting involved in international mooting competitions -- Further reading and viewing. | |
| 520 |
_a"A must-read for students involved in mooting, this new edition of Jeffrey Hill's textbook has been fully updated and revised, and provides students with clear and compelling advice on every aspect of mooting. The book covers: - key aspects of the legal system; - the way in which moots are assessed; - what the judges are looking for; - how to structure a legal argument; and - how to prepare a skeleton argument and bundles. The text is accompanied by videos of Supreme Court hearings so that students can learn from, and emulate, the advocacy skills of some of the most eminent advocates and lawyers"-- _cProvided by publisher. |
||
| 650 | 0 |
_aMoot courts _zGreat Britain. |
|
| 650 | 0 |
_aTrial practice _zGreat Britain. |
|
| 776 | 0 | 8 |
_iOnline version: _aHill, Jeffrey. _tPractical guide to mooting _bSecond edition. _dGordonsville : Hart Publishing, an imprint of Bloomsbury Publishing, 2021 _z9781509935055 _w(DLC) 2021020353 |
| 906 |
_a7 _bcbc _corignew _d1 _eecip _f20 _gy-gencatlg |
||
| 942 |
_2lcc _cBK |
||
| 999 |
_c264997 _d264996 |
||